000
00254nam a22001217a 4500
008
181101b xxu||||| |||| 00| 0 eng d
041
_a
eng
080
_a
573
100
_a
11
101
_a
BIO
245
_a
Biological Order
_c
ANDRE.l
942
_2
udc
_c
BK
999
_c
51434
_d
51434